Sports Quiz

Random Sports or Baseball Quiz

Minor League Baseball Cities (AA) Quiz Stats

Quiz Updated Jul 3, 2017

Challenge
Share
Tweet
Embed
Score 0/30 Timer 08:00
0 Plays Today
Affiliate Location % Correct
Boston Red SoxPortland
57.6%
Chicago White SoxBirmingham
53.3%
New York YankeesTrenton
47%
Seattle MarinersArkansas
43.8%
Pittsburgh PiratesAltoona
43.5%
Cleveland IndiansAkron
43.4%
Los Angeles DodgersTulsa
42.3%
San Diego PadresSan Antonio
42.2%
San Francisco GiantsRichmond
39.7%
Colorado RockiesHartford
39.6%
Miami MarlinsJacksonville
38.1%
Tampa Bay RaysMontgomery
37.9%
Baltimore OriolesBowie
37.8%
Washington NationalsHarrisburg
36.9%
Arizona DiamondbacksJackson
36.3%
Affiliate Location % Correct
Philadelphia PhilliesReading
35.8%
Detroit TigersErie
34.7%
Chicago CubsTennessee
33.5%
St. Louis CardinalsSpringfield
32.9%
Los Angeles AngelsMobile
30.2%
New York MetsBinghamton
30.1%
Minnesota TwinsChattanooga
28.8%
Houston AstrosCorpus Christi
28.8%
Cincinnati RedsPensacola
27.1%
Toronto Blue JaysNew Hampshire
26.6%
Texas RangersFrisco
24.5%
Atlanta BravesMississippi
24.3%
Milwaukee BrewersBiloxi
23.2%
Kansas City RoyalsNorthwest Arkansas
17.8%
Oakland AthleticsMidland
17%

You're not logged in!

Compare scores with friends on all Sporcle quizzes.
Sign Up with Email
OR
Log In

You Might Also Like...

Show Comments

Extras

Top Quizzes Today


Score Distribution

Your Account Isn't Verified!

In order to create a playlist on Sporcle, you need to verify the email address you used during registration. Go to your Sporcle Settings to finish the process.